Vista normal
Vista MARC
Principios Básicos para la Gestión Ambiental (Registro nro. 11773)
[ vista simple ]
| 000 -Cabecera (24) | |
|---|---|
| Campo de control interno | 03280nam a22003257a 4500 |
| 005 - Fecha y hora de la | |
| Campo de control | 20250515145721.0 |
| 008 - Códigos de longitud fija (40p) | |
| Campo de control de longitud fija | 180322b co||||| |||| 00| 0 esp d |
| 020 ## - INTERNATIONAL STANDARD BOOK NUMBER | |
| ISBN | 9789586829496 |
| 040 ## - Origen de la Catalogacion | |
| Centro catalogador/agencia de origen | UTEA |
| 041 ## - Código de idioma (R) | |
| Código de lengua del texto/banda sonora o título independiente (R) | Es |
| 044 ## - COUNTRY OF PUBLISHING/PRODUCING ENTITY CODE | |
| MARC country code | CO |
| 082 ## - Número de la Clasificación | |
| Número de la Clasificación | 333.72 |
| Notación Interna | H29 2016 |
| 100 ## - Autor Personal | |
| Autor Personal | Alfonso Ávila, Nury Zaride Hazmine |
| Títulos y otros términos asociados al nombre (R) | Licenciada en Biología / |
| -- | Master en Saneamiento y Desarrollo Ambiental |
| Término indicativo de función (R) | Autor |
| 245 ## - Titulo | |
| Titulo | Principios Básicos para la Gestión Ambiental |
| Mención del autor | Nury Zaride Hazmine Alfonso Ávila |
| Medio físico | [Impreso] |
| 250 ## - Mencion de edicion | |
| Mencion de edicion | 3ra edición |
| 260 ## - Editorial | |
| Ciudad | Bogotá - Colombia |
| Nombre de la Editorial | Grupo Editorial Alfaomega |
| Fecha | 2016 |
| 300 ## - Descripcion | |
| Páginas | 431 páginas. |
| Otros detalles físicos | Cuadros, Tablas, Diagramas, Figuras,. 01 Ej. Andahuaylas |
| Dimensiones | 17 x 24 cm. |
| 505 ## - Nota de contenido formateada | |
| Nota de contenido formateada Índice del Libro] | Presentación. -- Introducción. -- Ecología. -- Palabras claves. -- Temas. -- Competencias. -- Puntos de aprendizaje. -- Introducción. -- Ecología. -- Administración ambiental. -- Desarrollo sostenible. -- Ecosistema. -- el deterioro ambiental. -- Agotamiento de los recursos naturales. -- Procesos productivos y sus efectos contaminantes. -- Palabras claves. -- Temas. -- Competencias. -- Puntos de aprendizaje. -- Introducción. -- Crisis ambiental y sectores productivos. -- Tecnologías. -- Educación ambiental. -- Impacto de la industria en el ambiente. -- Sistema económico. -- Gestión y derecho ambiental. -- Palabras claves. -- Temas. -- Competencias. -- Puntos de aprendizaje. -- Introducción. -- Gestión ambiental. -- Implementación de un sistema de gestión ambiental. -- La organización y la gestión ambiental. -- Entidades públicas administradoras del ambiente en Colombia. -- Derecho ambiental. -- Economía y ambiente. -- Palabras claves. -- Temas. -- Competencias. -- Puntos de aprendizaje. -- Introducción. -- Concepto de economía. -- Estudios de impacto ambiental. -- Desarrollo sostenible. -- El comercio. -- Biodiversidad y áreas del manejo especial. -- Palabras claves. -- Temas. -- Competencias. -- Puntos de aprendizaje. -- Introducción. -- Concepto de biodiversidad. -- Herramientas de planificación para la conservación de la biodiversidad. -- Pasos para la planificación de la biodiversidad. -- Biotecnología. -- Áreas de manejo especial. -- Administración. -- Riesgos y cuidados. -- Guías ecológicas. -- Recomendaciones. |
| 520 ## - Resumen | |
| Resumen | La preocupación por el aumento de la contaminación nivel mundial ha generado soluciones alternativas en diferentes campos de acción: tecnología, educación, legislación nacional, tratados internacionales, políticas públicas, etc. En este contexto, es fundamental comprender qué es la administración ambiental y cómo aporta al desarrollo sostenible de todas nuestras actividades. Con este contenido, podrá conocer los principios básicos para la gestión ambiental de una forma integral, mediante la comprensión de los problemas. |
| 650 #0 - Temas - Descriptores | |
| Temas - Descriptores | PROCESOS PRODUCTIVOS Y SUS EFECTOS CONTAMINANTES |
| 650 #0 - Temas - Descriptores | |
| Temas - Descriptores | GESTIÓN Y DERECHO AMBIENTAL |
| 650 #0 - Temas - Descriptores | |
| Temas - Descriptores | ECONOMÍA Y AMBIENTE |
| 9 (RLIN) | 26121 |
| 650 #0 - Temas - Descriptores | |
| Temas - Descriptores | BIODIVERSIDAD Y ÁREAS DE MANEJO ESPECIAL |
| 9 (RLIN) | 26122 |
| 653 ## - Palabras Claves | |
| Palabras Claves | ECOLOGÍA |
| 653 ## - Palabras Claves | |
| Palabras Claves | ECOSISTEMA |
| 653 ## - Palabras Claves | |
| Palabras Claves | EDUCACIÓN AMBIENTAL |
| 653 ## - Palabras Claves | |
| Palabras Claves | COMERCIO |
| 653 ## - Palabras Claves | |
| Palabras Claves | BIOTECNOLOGÍA |
| 942 ## - Datos personalizados Koha | |
| Esquema de Clasificacion | Dewey Decimal Classification |
| Tipo de Documento | Libros |
| Catalogador | Eber Gonzales Pariona |
| Fecha procesamiento | 2024-10-03 |
| Estado de retiro | Estado de pérdida | Fuente de Clasificacion | Estado | No para préstamo | Escuela Profesional/ Mención de Maestría | Localización permanente | Ubicación/localización actual | Fecha de adquisición | Fuente de adquisición | Número de inventario | Signatura topográfica completa | Código de barras | Coste, precio de reemplazo | Tipo de ítem Koha |
|---|---|---|---|---|---|---|---|---|---|---|---|---|---|---|
| Dewey Decimal Classification | E.P. Ingeniería Ambiental y RR.NN. | Biblio. Andahuaylas UTEA | Biblio. Andahuaylas UTEA | 02/06/2018 | Compra | 381220200200290 | 333.72 H29 2016 | BAND18030687 | 104.00 | Libros |